[Event "July 26th PHCC Rated G/30 Quad"]
[Site "?"]
[Date "2012.07.26"]
[Round "2"]
[White "Bedy, Noel"]
[Black "Wingrove, William"]
[Result "0-1"]
[WhiteElo "1629"]
[BlackElo "1694"]
[PlyCount "64"]
[EventDate "2012.07.26"]
[EventType "tourn"]
[EventRounds "3"]

1. d4 Nf6 2. Nc3 d5 3. Bg5 c6 4. Qd3 h6 5. Bxf6 exf6 6. e4 Qe7 7. O-O-O dxe4 8. Qxe4 Qxe4 9. Nxe4 Be7 10. Nf3 O-O 11. Bd3 Be6 12. Kb1 Bg4 13. Ng3 Nd7 14. Nf5 Bb4 15. c3 Ba5 16. h3 Bxf3 17. gxf3 h5 18. Rhg1 g6 19. Nh4 Rfe8 20. Bc4 Kf8 21. Bd3 Re7 22. Bxg6 Re2 23. Bh7 Ke7 24. Nf5+ Ke6 25. d5+ cxd5 26. Nd4+ Kd6 27. Nxe2 Re8 28. Rge1 Bb6 29. Nf4 Rxe1 30. Rxe1 Bxf2 31. Re2 Bg3 32. Nxh5 Bh4 0-1

[Event "July 26th PHCC Rated G/30 Quad"]
[Site "?"]
[Date "2012.07.26"]
[Round "2"]
[White "Gregg, Alan"]
[Black "Morabito, Matthew"]
[Result "1/2-1/2"]
[WhiteElo "1948"]
[BlackElo "1803"]
[PlyCount "65"]
[EventDate "2012.07.26"]
[EventType "tourn"]
[EventRounds "3"]

1. e4 e5 2. Nf3 d6 3. d4 exd4 4. Nxd4 g6 5. Nc3 Bg7 6. Be3 Nf6 7. f3 O-O 8. Qd2 Re8 9. O-O-O d5 10. Bg5 dxe4 11. Nxe4 Nxe4 12. fxe4 Qxd4 13. Qxd4 Bxd4 14. Rxd4 Nc6 15. Bb5 Nxd4 16. Bxe8 Be6 17. Ba4 b5 18. Bb3 Nxb3+ 19. axb3 Re8 20. Bf6 h6 21. e5 g5 22. Rd1 Kh7 23. h3 Kg6 24. g4 h5 25. Rd4 hxg4 26. hxg4 c6 27. Rd6 Rc8 28. Rd4 c5 29. Re4 Rc7 30. c4 a6 31. Kc2 Rd7 32. Kc3 Rc7 33. Kc2 1/2-1/2

[Event "July 26th PHCC Rated G/30 Quad"]
[Site "?"]
[Date "2012.07.26"]
[Round "3"]
[White "Morabito, Matthew"]
[Black "Bedy, Noel"]
[Result "1-0"]
[WhiteElo "1803"]
[BlackElo "1629"]
[PlyCount "65"]
[EventDate "2012.07.26"]
[EventType "tourn"]
[EventRounds "3"]

1. Nf3 d5 2. g3 Nf6 3. Bg2 e6 4. O-O Nbd7 5. c4 dxc4 6. Qa4 Be7 7. Qxc4 O-O 8. d4 Nb6 9. Qc2 c6 10. Nc3 c5 11. dxc5 Bxc5 12. Bg5 Be7 13. Rad1 Qc7 14. Rd4 Nfd5 15. Rh4 h6 16. Bxe7 Qxe7 17. Ne5 Bd7 18. Rd1 Rac8 19. Qd2 Rfd8 20. Nxd7 Nxc3 21. bxc3 Rxd7 22. Rd4 Rxd4 23. Qxd4 Qc7 24. Be4 f5 25. Bf3 e5 26. Qd6 Qxd6 27. Rxd6 e4 28. Bh5 Rxc3 29. Bg6 Rc8 30. Bxf5 Re8 31. Bg6 Nc4 32. Rd7 Ne5 33. Bxe8 1-0

[Event "July 26th PHCC Rated G/30 Quad"]
[Site "?"]
[Date "2012.07.26"]
[Round "3"]
[White "Wingrove, William"]
[Black "Gregg, Alan"]
[Result "0-1"]
[WhiteElo "1694"]
[BlackElo "1948"]
[Annotator "Doe,John"]
[PlyCount "62"]
[EventDate "2012.07.26"]
[EventType "tourn"]
[EventRounds "3"]

1. e4 e5 2. Nc3 Nc6 3. Nf3 Nf6 4. d4 exd4 5. Nxd4 Bc5 6. Nxc6 bxc6 7. Bd3 O-O 8. O-O h6 9. h3 d5 10. exd5 cxd5 11. Re1 Bb6 12. Qf3 Be6 13. Bf4 c5 14. Rad1 d4 15. Ne4 c4 16. Bf1 Nxe4 17. Qxe4 Qd7 18. Rd2 d3 19. Qe5 Bd4 20. Qd6 Qxd6 21. Bxd6 Bxb2 22. Bxf8 Bc3 23. Red1 Bxd2 24. Rxd2 Kxf8 25. cxd3 cxd3 26. a3 Bc4 27. f3 Rb8 28. Kf2 Rb3 29. a4 Ra3 30. Ke3 Rxa4 31. Bxd3 Ra3 {White Resigns} 0-1

[Event "July 26th PHCC Rated G/30 Quad "]
[Site "?"]
[Date "2012.07.26"]
[Round "1"]
[White "Morabito, Matthew"]
[Black "Wingrove, William"]
[Result "1-0"]
[WhiteElo "1803"]
[BlackElo "1694"]
[PlyCount "87"]
[EventDate "2012.07.26"]
[EventType "tourn"]
[EventRounds "3"]

1. Nf3 c5 2. g3 Nc6 3. Bg2 g6 4. O-O Bg7 5. d3 d6 6. Nc3 Nf6 7. e4 O-O 8. h3 Ne8 9. Re1 Nc7 10. Nd5 Ne6 11. c3 h6 12. Be3 b6 13. Qd2 Kh7 14. Rab1 Ne5 15. Nxe5 Bxe5 16. Bxh6 Rg8 17. Bg5 f6 18. Be3 f5 19. exf5 gxf5 20. Bf4 Bxf4 21. Nxf4 Nxf4 22. Qxf4 Rb8 23. Qh4+ Kg6 24. Qxe7 Qxe7 25. Rxe7 Rg7 26. Rbe1 a5 27. Rxg7+ Kxg7 28. Re8 Kf7 29. Rd8 Ke7 30. Rh8 Kd7 31. h4 Kc7 32. f4 Ba6 33. Rxb8 Kxb8 34. Bf1 Bc8 35. h5 Be6 36. h6 Bg8 37. d4 Kc7 38. Kf2 Kd7 39. Bd3 Bh7 40. g4 Ke6 41. Bxf5+ Bxf5 42. gxf5+ Kf6 43. Kg3 c4 44. a4 1-0

[Event "June 2012 London Open - Canadian Rated"]
[Site "?"]
[Date "2012.06.30"]
[Round "3"]
[White "Bao, Tony"]
[Black "Morabito, Matthew"]
[Result "0-1"]
[WhiteElo "1780"]
[BlackElo "1900"]
[PlyCount "54"]
[EventDate "2012.06.30"]
[EventType "swiss"]
[EventRounds "4"]

1. Nf3 Nf6 2. c4 g6 3. Nc3 Bg7 4. e4 d6 5. d4 O-O 6. Be2 Nbd7 7. O-O e5 8. d5 Nc5 9. Nd2 a5 10. f3 Nh5 11. a3 Nf4 12. Rb1 Qg5 13. g3 Bh3 14. Rf2 Nfd3 15. Bxd3 Nxd3 16. Re2 Nxc1 17. Qxc1 h5 18. Nf1 Qxc1 19. Rxc1 f5 20. Nb5 Rac8 21. Nd2 Bh6 22. Rce1 Rf7 23. Nb3 b6 24. c5 bxc5 25. Nxa5 fxe4 26. fxe4 Rcf8 27. Rg2 Be3+ 0-1

[Event "June 2012 USCF Mini-Swiss"]
[Site "Port Huron Chess Club"]
[Date "2012.06.14"]
[Round "1"]
[White "Wilkinson, Stewart"]
[Black "Fiedler, Bob"]
[Result "1-0"]
[WhiteElo "1840"]
[BlackElo "1769"]
[Annotator "L. Rutkofske"]
[PlyCount "79"]
[EventDate "2012.06.14"]
[EventType "swiss"]
[EventRounds "3"]

1. e4 c5 2. Nf3 Nc6 3. Bb5 d6 4. O-O Bd7 5. c3 a6 6. Bxc6 Bxc6 7. Re1 e5 {What we have here is really a Ruy Lopez formation with c5 rather than e5!} 8. d4 cxd4 9. cxd4 f6 10. Nc3 b5 11. a3 Ne7 12. Be3 Ng6 13. Rc1 Bb7 {Diagram Much better would have been 13...Bd7 saving two tempi and providing Black with potential initiative on the K-side.} ({Fritz 12:} 13... Be7 14. Qb3 Qd7 15. Nd5 Bd8 16. dxe5 dxe5 17. Red1 Bxd5 18. Rxd5 Qf7 19. Qd3 O-O 20. Rd7 Be7 21. Rcc7 Rfd8 {[%eval 203,15] Fritz also liked 13...Qd7}) 14. d5 Be7 15. Ne2 O-O 16. Ng3 Bc8 17. Qd3 Nf4 $2 {Diagram  This seems to seriously weaken Black's center for White's more active pieces and leaves the lead doubled f-pawn vulnerble.} 18. Bxf4 exf4 19. Ne2 g5 20. Nfd4 Rf7 21. Nc6 Qe8 22. Ned4 {Diagram  White's knight's "trip the life fantastic"...so many holes to plug, and Black's Bishops are hoplessly bottled up! Black desperately hopes White might exchange off his powerful knights.} Bf8 23. Nf5 Bxf5 24. exf5 Qd7 25. Nd4 Bh6 26. Ne6 g4 27. f3 Qa7+ 28. Qd4 Qxd4+ 29. Nxd4 g3 30. h3 {A nice move that render's Blacks B totally useless.} Bf8 31. Ne6 {Diagram } Be7 32. Rc6 h5 33. Rec1 Ra7 34. Nxf4 Bf8 35. Ne6 Rfd7 36. Rc8 Rf7 37. R1c6 Rad7 38. Rxa6 Kh7 39. Kf1 Bh6 40. Raa8 1-0

[Event "June 2012 USCF Rated Mini-swiss"]
[Site "?"]
[Date "2012.06.14"]
[Round "1"]
[White "Rutkofske, Lonnie"]
[Black "Gregg, Alan"]
[Result "0-1"]
[WhiteElo "1818"]
[BlackElo "2052"]
[PlyCount "106"]
[EventDate "2012.06.14"]
[EventType "swiss"]
[EventRounds "3"]

1. e4 e5 2. Nf3 Nc6 3. Bb5 a6 4. Ba4 Nf6 5. O-O Be7 6. Re1 b5 7. Bb3 O-O 8. d4 exd4 9. Nxd4 Nxd4 10. Qxd4 c5 11. Qd3 c4 12. Bxc4 bxc4 13. Qxc4 d6 14. Nc3 Be6 15. Qd3 Qc7 16. Nd5 Qb7 17. Nxe7+ Qxe7 18. b3 Rfd8 19. Bb2 Ne8 20. Re3 f6 21. Rae1 Qc7 22. c4 a5 23. Rg3 a4 24. Qd1 axb3 25. axb3 Rab8 26. Bd4 Qf7 27. h4 Rb7 28. f4 f5 29. Qa1 g6 30. h5 fxe4 31. hxg6 hxg6 32. Qa5 Rdb8 33. Qg5 Bf5 34. Ree3 Ng7 35. Rc3 Ne6 36. Qf6 Qxf6 37. Bxf6 Kf7 38. Bg5 Nd4 39. Rge3 Rxb3 40. Rxb3 Rxb3 41. Rxb3 Nxb3 42. Kf2 Nc5 43. Ke3 Ke6 44. Bd8 d5 45. Bb6 Nd7 46. cxd5+ Kxd5 47. Ba5 Nf6 48. Kd2 Ng4 49. Bb6 Bc8 50. Ba7 Ba6 51. g3 Ke6 52. Bd4 Kf5 53. Bc3 e3+ 0-1

[Event "June 2012 USCF Rated Mini-Swiss"]
[Site "Port Huron Chess Club"]
[Date "2012.06.21"]
[Round "2"]
[White "Bedy, Noel"]
[Black "Rutkofske, Lonnie"]
[Result "0-1"]
[WhiteElo "1493"]
[BlackElo "1818"]
[PlyCount "98"]
[EventDate "2012.06.21"]
[EventType "swiss"]
[EventRounds "3"]

1. e4 e6 2. d4 d5 3. Nc3 h6 4. Bd3 Nc6 5. Nf3 Nb4 6. exd5 Nxd5 7. O-O Ngf6 8. Re1 c6 9. Ne2 Nb4 10. c3 Nxd3 11. Qxd3 Bd6 12. Ng3 Bxg3 13. hxg3 Nd7 14. Qe2 O-O 15. Bf4 Qf6 16. Nd2 g5 17. Ne4 Qg6 18. Bd6 Re8 19. Nd2 f6 20. Qe4 Kf7 21. Qxg6+ Kxg6 22. g4 Nb6 23. c4 Bd7 24. b3 Nc8 25. Ba3 Ne7 26. Re2 h5 27. gxh5+ Kxh5 28. Rae1 Nf5 29. Bb2 Rad8 30. Ne4 Kg6 31. Nc5 Bc8 32. Nxe6 Bxe6 33. Rxe6 Rxe6 34. Rxe6 Nxd4 35. Re1 Nf5 36. Kf1 Rd2 37. Re2 Rd1+ 38. Re1 Rxe1+ 39. Kxe1 Nd6 40. Ke2 Kf5 41. Ke3 g4 42. g3 b6 43. f4 $4 Ne4 44. a4 Nxg3 45. a5 Ne4 46. axb6 axb6 47. b4 Nd6 48. c5 bxc5 49. bxc5 Nc4+ 0-1

[Event "June 2012 USCF Rated Mini-Swiss"]
[Site "Port Huron Chess Club"]
[Date "2012.06.21"]
[Round "2"]
[White "Gregg, Alan"]
[Black "Wilkinson, Stewart"]
[Result "1/2-1/2"]
[WhiteElo "2052"]
[BlackElo "1840"]
[PlyCount "56"]
[EventDate "2012.06.21"]
[EventType "swiss"]
[EventRounds "3"]

1. Nf3 d5 2. d4 e6 3. Bf4 Bd6 4. Bg5 Be7 5. h4 h6 6. Bd2 Nf6 7. e3 c5 8. c3 Nc6 9. Bd3 Bd7 10. Ne5 Bd6 11. f4 cxd4 12. exd4 Ne7 13. a4 Nf5 14. Nxd7 Nxd7 15. Bxf5 exf5 16. Qe2+ Qe7 17. Qxe7+ Bxe7 18. Na3 a6 19. Nc2 Nf6 20. Ne3 g6 21. Ke2 Rd8 22. Kf3 Ne4 23. Be1 h5 24. g3 O-O 25. Nd1 Bf6 26. Nf2 Rfe8 27. Nd3 Rd7 28. Rd1 Kg7 1/2-1/2

[Event "June 2012 USCF Rated Mini-Swiss"]
[Site "Port Huron Chess Club"]
[Date "2012.06.28"]
[Round "3"]
[White "Fiedler, Robert"]
[Black "Gregg, Alan"]
[Result "1/2-1/2"]
[WhiteElo "1769"]
[BlackElo "2052"]
[PlyCount "141"]
[EventDate "2012.06.28"]
[EventType "swiss"]
[EventRounds "3"]

1. f4 d5 2. Nf3 Nf6 3. e3 e6 4. Nc3 Be7 5. Be2 b6 6. Bb5+ c6 7. Ba4 O-O 8. d4 Ba6 9. Ne5 Qc7 10. Ne2 c5 11. a3 c4 12. c3 b5 13. Bc2 Ne4 14. Ng3 f5 15. Nxe4 dxe4 16. g4 Nd7 17. Nxd7 Qxd7 18. g5 Bb7 19. h4 a5 20. Bd2 Rad8 21. h5 Bd5 22. b4 cxb3 23. Bxb3 Qc6 24. a4 Rb8 25. axb5 Qxb5 26. Bxd5 exd5 27. h6 g6 28. Kf2 Rb7 29. Kg3 Rfb8 30. c4 Qxc4 31. Rc1 Qa6 32. Rh2 Bb4 33. Bxb4 axb4 34. Qb3 Rd7 35. Ra2 Qd3 36. Qxd3 exd3 37. Rd1 b3 38. Rb2 d2 39. Rdxd2 Rc7 40. Rd3 Rcb7 41. Rc3 Kf7 42. Rc5 Ke6 43. Rc6+ Ke7 44. Kf2 Ra8 45. Rc1 Ra2 46. Rcb1 Rba7 47. Ke1 Rxb2 48. Rxb2 Rb7 49. Kd2 Kd6 50. Kc3 Re7 51. Re2 Rb7 52. Rb2 Re7 53. Rxb3 Rxe3+ 54. Kc2 Re7 55. Rb6+ Kc7 56. Rb5 Kc6 57. Rc5+ Kd6 58. Rc8 Re4 59. Rh8 Rxf4 60. Rxh7 Rg4 61. Rg7 Rxg5 62. h7 Rh5 63. Rxg6+ Ke7 64. Rg5 Rxh7 65. Rxf5 Ke6 66. Re5+ Kd6 67. Kd3 Ra7 68. Re8 Ra3+ 69. Ke2 Kc6 70. Rb8 Rh3 71. Rb4 1/2-1/2

[Event "June 2012 USCF Rated Mini-Swiss"]
[Site "Port Huron Chess Club"]
[Date "2012.06.28"]
[Round "3"]
[White "Wilkinson, Stewart"]
[Black "Bedy, Noel"]
[Result "1/2-1/2"]
[WhiteElo "1840"]
[BlackElo "1493"]
[PlyCount "122"]
[EventDate "2012.06.28"]
[EventType "swiss"]
[EventRounds "3"]

1. e4 d5 2. exd5 Nf6 3. Nf3 Qxd5 4. Nc3 Qd6 5. d4 a6 6. h3 e6 7. Be3 Nbd7 8. Be2 b5 9. a3 Bb7 10. O-O Be7 11. Qd2 c5 12. dxc5 Qxd2 13. Nxd2 Rc8 14. b4 O-O 15. Bf3 Bxf3 16. Nxf3 h6 17. Rfd1 Rfd8 18. Rd3 e5 19. Rd2 e4 20. Nd4 Ne5 21. Nf5 Bf8 22. Rxd8 Rxd8 23. Rd1 Rxd1+ 24. Nxd1 Nc6 25. Nd4 Na7 26. Nc3 Be7 27. Nf5 Kf8 28. Ng3 Nc6 29. Ngxe4 Nxe4 30. Nxe4 a5 31. c3 Ke8 32. Bf4 Kd7 33. Kf1 f5 34. Nd6 Bxd6 35. Bxd6 axb4 36. axb4 Ke6 37. Ke2 Kd5 38. Kd3 $2 {38.Bf8 seems much stronger! If 38...,Kc4 39.Bg7 protects the pawn on c3. If 38...g6 39.Bh3, Kc4 40. Bd4 saves the c3 pawn.} h5 39. f4 g6 40. h4 Na7 41. Bb8 Nc6 42. Bc7 Na7 43. Bb6 Nc6 44. g3 Nb8 45. c4+ bxc4+ 46. Kc3 Na6 47. Ba7 Nc7 48. Bb8 Nb5+ 49. Kd2 Nd4 50. Be5 Nb5 51. Kc2 Na3+ 52. Kb2 Nb5 53. Ka2 Na7 54. Ka3 Nc8 55. Ka4 Na7 56. Bc3 Kc6 57. Be5 Nb5 58. Bf6 Na7 59. Be5 Nb5 60. Bb8 Nd4 61. Be5 Nb5 {Draw by three fold repetition.} 1/2-1/2

[Event "Let's Play - Correspondence Game"]
[Site "Online Correspondence"]
[Date "2013.01.07"]
[Round "?"]
[White "Drozdowski, Kacper"]
[Black "Hartwig, Nathan"]
[Result "0-1"]
[WhiteElo "2432"]
[BlackElo "1623"]
[PlyCount "90"]
[EventDate "2013.01.07"]
[EventType "game"]

1. d4 Nf6 2. c4 e6 3. Nc3 Bb4 4. Qc2 O-O 5. e4 d5 6. e5 Ne4 7. Bd3 c5 8. Nge2 Nc6 9. O-O cxd4 10. Nxe4 dxe4 11. Bxe4 h6 12. Bf4 Qc7 13. Rad1 Rd8 14. a3 Be7 15. b4 a6 16. Rd3 Nxe5 17. Rg3 g5 18. Rd1 f5 19. Bd3 Kh8 20. Bxe5+ Qxe5 {Diagram } 21. h4 g4 22. c5 Bxh4 23. f4 Qc7 24. Bc4 Bxg3 25. Nxg3 Qxf4 26. Nh5 Qg5 27. Ng3 Qe3+ 28. Kh2 Bd7 29. Rd3 Qe5 {Diagram } 30. Qd2 f4 31. Nf1 Rf8 32. Rxd4 Bc6 33. Rd6 Qh5+ 34. Kg1 f3 35. Qc3+ e5 36. Rxh6+ Qxh6 37. Qxe5+ Qf6 38. Qh5+ Kg7 39. Qxg4+ Qg6 40. Qd4+ Rf6 41. Ne3 Re8 42. g4 f2+ 43. Kf1 Qb1+ 44. Ke2 f1=Q+ 45. Kd2 Qbc1# 0-1

[Event "London Open June 2012 - Canadian Rated"]
[Site "?"]
[Date "2012.06.30"]
[Round "4"]
[White "Yi Li, Hong"]
[Black "Morabito, Matthew"]
[Result "0-1"]
[WhiteElo "1860"]
[BlackElo "1900"]
[PlyCount "116"]
[EventDate "2012.06.30"]
[EventType "swiss"]
[EventRounds "4"]

1. e4 e5 2. Nf3 d6 3. Bc4 g6 4. d3 Bg7 5. Nc3 Nf6 6. Bg5 c6 7. Qd2 O-O 8. Bh6 b5 9. Bxg7 Kxg7 10. Bb3 a5 11. a4 b4 12. Ne2 Nbd7 13. h4 Nc5 14. h5 Nxb3 15. cxb3 Nxh5 16. Ng3 Nf4 17. Ne2 Nxg2+ 18. Kf1 Nf4 19. Nxf4 exf4 20. Qxf4 h5 21. Ke2 Qf6 22. Qxf6+ Kxf6 23. Nd4 Bd7 24. Rac1 c5 25. Nc2 Be6 26. Na1 Ke5 27. Ke3 f5 28. f4+ Kf6 29. e5+ Ke7 30. Rhg1 Bf7 31. d4 cxd4+ 32. Kxd4 dxe5+ 33. Kxe5 Rfe8 34. Rc5 Kf8+ 35. Kf6 Re6+ 36. Kg5 Kg7 37. Nc2 Re2 38. Nd4 Re3 39. Rc7 h4 40. Nxf5+ gxf5 41. Kxf5+ Kf8 42. Rh1 h3 43. Kg4 Rxb3 44. f5 Kg7 45. Rh2 Ra6 46. Rc8 Rd6 47. Kg5 Rg3+ 48. Kf4 Rdd3 49. Rc5 Rg2 50. Rc2 Bd5 51. Ke5 Rxh2 52. f6+ Kg6 53. Rxh2 Bg2 54. Ke6 Re3+ 55. Kd6 Kxf6 56. Kc5 Re5+ 57. Kc4 Kf5 58. b3 Kg4 0-1

[Event "miopen2012"]
[Site "?"]
[Date "2012.09.01"]
[Round "1"]
[White "Gregg, Alan"]
[Black "Li, Ben"]
[Result "1-0"]
[WhiteElo "2027"]
[BlackElo "1913"]
[PlyCount "101"]
[EventDate "2012.09.01"]

1. e4 c5 2. Nf3 Nc6 3. Nc3 e5 4. d3 d6 5. Be2 Be7 6. Nd5 h6 7. O-O Nf6 8. Nxe7 Qxe7 9. c3 O-O 10. Qc2 a6 11. a4 Bd7 12. Nd2 d5 13. exd5 Nxd5 14. Bf3 Nf4 15. Nc4 Ng6 16. Nb6 Rad8 17. Be3 Bf5 18. Be4 Nh4 19. Qe2 Bxe4 20. dxe4 f5 21. Qc4+ Rf7 22. exf5 Nxf5 23. Qxc5 Qxc5 24. Bxc5 Rd2 25. Nc4 Rd5 26. Bb6 Rfd7 27. Ne3 Nxe3 28. Bxe3 Na5 29. Rae1 Nc4 30. b3 Nxe3 31. Rxe3 Rd3 32. Rxd3 Rxd3 33. Rc1 Rd2 34. Kf1 Kf7 35. b4 Ke6 36. Ke1 Rb2 37. a5 Kd5 38. Rd1+ Kc4 39. Rd7 Kxc3 40. Rxb7 Rxb4 41. Rb6 Kc4 42. Rxa6 Ra4 43. Ra7 Kb5 44. Rxg7 Rxa5 45. Rg6 Ra6 46. Rxa6 Kxa6 47. Ke2 Kb6 48. Ke3 Kc5 49. g4 Kd5 50. h4 e4 51. Kf4 1-0

[Event "miopen2012"]
[Site "?"]
[Date "2012.09.01"]
[Round "2"]
[White "Czuhai, Kevin"]
[Black "Gregg, Alan"]
[Result "1-0"]
[WhiteElo "2206"]
[BlackElo "2027"]
[PlyCount "105"]
[EventDate "2012.09.01"]

1. d4 d5 2. Bg5 Nf6 3. Nc3 c6 4. Qd3 g6 5. f3 Bg7 6. O-O-O Nbd7 7. e4 h6 8. Bh4 g5 9. Bg3 Nb6 10. b3 a5 11. a4 Nh5 12. Nge2 Be6 13. e5 Qd7 14. f4 Bf5 15. Qe3 g4 16. Be1 Bf8 17. Ng3 Ng7 18. Qf2 h5 19. h3 h4 20. Nxf5 Nxf5 21. hxg4 Ng3 22. Rxh4 Rxh4 23. Qxg3 Rxg4 24. Qf3 Bh6 25. g3 Rg8 26. Qh5 Rh8 27. Kb1 e6 28. Bd3 O-O-O 29. Qf3 Na8 30. Ne2 b6 31. g4 Rdg8 32. Ng3 Nc7 33. Nh5 Ne8 34. Bh4 Kb7 35. Bf6 Bg7 36. Bxg7 Nxg7 37. Nf6 Qd8 38. Nxg8 Qxg8 39. Rh1 Rxh1+ 40. Qxh1 Ne8 41. Qf3 Qh8 42. f5 Qh2 43. fxe6 fxe6 44. c3 Qg1+ 45. Kb2 Nc7 46. Qf4 b5 47. g5 bxa4 48. bxa4 Qd1 49. Bc2 Qg1 50. g6 c5 51. dxc5 Qxc5 52. g7 Qb6+ 53. Ka2 1-0

[Event "miopen2012"]
[Site "?"]
[Date "2012.09.01"]
[Round "3"]
[White "Gregg, Alan"]
[Black "LaForge, Thomas"]
[Result "1-0"]
[WhiteElo "2027"]
[BlackElo "1834"]
[Annotator "Gregg,Alan"]
[PlyCount "121"]
[EventDate "2012.09.01"]

1. e4 d6 2. d4 e5 3. dxe5 dxe5 4. Qxd8+ Kxd8 5. Bc4 f6 6. Ne2 Bd6 7. Nbc3 c6 8. Be3 Ne7 9. O-O-O Kc7 10. a3 Bg4 11. f3 Bh5 12. g4 Bg6 13. f4 h6 14. h4 Nd7 15. f5 Bh7 16. Rd2 Nb6 17. Bb3 Bg8 18. Rhd1 Rd8 19. a4 Bxb3 20. cxb3 Bb4 21. Kc2 Rxd2+ 22. Rxd2 Rd8 23. Nc1 Rxd2+ 24. Kxd2 Nd7 25. Nd3 Bd6 26. b4 (26. Bxa7 c5 (26... b6 27. a5 bxa5)) 26... Kb8 27. Ne2 Nc8 28. Ng3 Bf8 29. Nc5 Ncb6 30. b3 Nxc5 31. Bxc5 Bxc5 32. bxc5 Nd7 33. b4 b6 34. cxb6 Nxb6 35. Nh5 Kc8 36. Nxg7 Kd7 37. a5 Nc4+ 38. Kd3 Nd6 39. Ne6 Nf7 40. Nc5+ Kc7 41. Na4 Nd6 42. Nc3 Kd7 43. Nb1 Kc8 44. Nd2 Kd7 45. Nc4 Nf7 46. Kc3 Kc7 47. Kb3 Kb7 48. Kc3 Kc7 49. a6 Kd7 50. Kb3 Kc7 51. Ka4 Kd7 52. b5 cxb5+ 53. Kxb5 Nd6+ 54. Nxd6 Kxd6 55. Kc4 Kc6 56. Kd3 Kd6 57. Ke3 Ke7 58. Kf3 Kf7 59. g5 hxg5 60. hxg5 fxg5 61. Kg4 1-0

[Event "miopen2012"]
[Site "?"]
[Date "2012.09.02"]
[Round "4"]
[White "Gregg, Alan"]
[Black "Shetty, Atulya"]
[Result "0-1"]
[WhiteElo "2027"]
[BlackElo "2441"]
[PlyCount "108"]
[EventDate "2012.09.01"]

1. e4 c5 2. Nf3 d6 3. Bb5+ Nc6 4. O-O e6 5. d4 cxd4 6. Nxd4 Bd7 7. Nc3 Nf6 8. Be3 Be7 9. Be2 O-O 10. Kh1 a6 11. a4 e5 12. Nxc6 bxc6 13. a5 Qc8 14. f3 Qb7 15. Na4 d5 16. exd5 cxd5 17. Nb6 Rad8 18. c3 Bc6 19. Re1 Nd7 20. Nxd7 Rxd7 21. Bb6 Bd8 22. Bc5 Be7 23. Bb6 Bh4 24. g3 Bd8 25. Bc5 Be7 26. Bb6 d4 27. cxd4 exd4 28. Qd3 Bb5 29. Qe4 Qxe4 30. fxe4 d3 31. Bg4 Rb7 32. Red1 Bf6 33. Rab1 Re8 34. Bf3 Rd7 35. Bg4 Rde7 36. Bf3 g6 37. b4 h5 38. Be3 Rd7 39. Rbc1 Bb2 40. Rc5 Bd4 41. Rxb5 axb5 42. Rxd3 Red8 43. Bg5 f6 44. Rxd4 Rxd4 45. Bxf6 R8d7 46. Bxd4 Rxd4 47. e5 Rxb4 48. Bc6 Rb1+ 49. Kg2 b4 50. a6 Ra1 51. Bd5+ Kf8 52. Bc4 Ra3 53. Kf2 b3 54. a7 b2 0-1

[Event "2012 Michigan Open Championships"]
[Site "?"]
[Date "2012.09.02"]
[Round "5"]
[White "West, Tony"]
[Black "Gregg, Alan"]
[Result "1/2-1/2"]
[WhiteElo "1942"]
[BlackElo "2027"]
[PlyCount "68"]
[EventDate "2012.09.01"]

1. d4 d5 2. c4 e6 3. Nf3 Nf6 4. g3 Bb4+ 5. Bd2 a5 6. Bg2 O-O 7. O-O dxc4 8. Qc2 b5 9. Ne5 Ra6 10. Rd1 Rd6 11. a4 Bxd2 12. Nxd2 b4 13. Ndxc4 Ra6 14. Ne3 Nd5 15. Nxd5 exd5 16. Rac1 f6 17. Nd3 Rc6 18. Qb3 Rd6 19. e4 c6 20. exd5 cxd5 21. Nf4 Bb7 22. Rc5 Na6 23. Bxd5+ Kh8 24. Rb5 Bc8 25. Bc4 g5 26. Nd5 Bd7 27. Rb7 Bc6 28. Ra7 Bxd5 29. Bxd5 Rxd5 30. Rxa6 Rf7 31. Qf3 Kg7 32. Qe4 Re7 33. Re6 Rxe6 34. Qxe6 Rxd4 1/2-1/2

[Event "north american 1900-2100"]
[Site "?"]
[Date "2012.12.26"]
[Round "1"]
[White "Gregg, Alan"]
[Black "Arnold, Justin"]
[Result "1-0"]
[WhiteElo "2027"]
[BlackElo "1927"]
[Annotator "Alan  Gregg"]
[PlyCount "101"]
[EventDate "2012.12.27"]
[EventType "swiss"]
[EventRounds "7"]

1. e4 c6 2. d4 d5 3. Nc3 dxe4 4. Nxe4 Bf5 5. Ng3 Bg6 6. Nf3 Nf6 7. Bd3 Nbd7 8. O-O e6 9. Re1 Be7 10. Ne2 O-O 11. Nf4 Bxd3 12. Nxd3 c5 13. c3 Qb6 14. Qb3 Qa6 15. Nde5 cxd4 16. Nxd7 Nxd7 17. Nxd4 Nc5 18. Qb5 Qxb5 19. Nxb5 a6 20. Nd4 Nd3 21. Rd1 Nxc1 22. Raxc1 Rfd8 23. Nf3 {i offer draw was rejected} Bf6 24. Kf1 Kf8 25. Ke2 Ke8 26. Rxd8+ Rxd8 27. Rd1 Rxd1 28. Kxd1 Kd7 29. Kc2 Kd6 30. Nd2 Bd8 31. Kd3 b5 32. c4 f5 33. b4 e5 34. f3 (34. c5+ Kd5 35. f3 a5 36. a3 h5 37. Ke3) 34... bxc4+ 35. Nxc4+ Kd5 36. Ne3+ Ke6 37. a4 Bb6 38. Nc4 Bg1 39. h3 Kd5 40. Nd2 g5 {this must be a mistake just g6 and he was slightly better} (40... g6 41. g4 Bf2 42. b5 axb5 43. axb5 h5 44. Nc4 hxg4 45. hxg4 fxg4 46. fxg4 e4+ 47. Ke2 Kxc4 48. Kxf2 Kxb5 49. Ke3 Kc5 50. Kxe4 Kd6 51. Kf4 Ke6 52. Kg5 Kf7 53. Kh6) 41. g4 Ke6 42. Nc4 e4+ 43. fxe4 f4 44. Nd2 h6 45. Nf3 Bb6 46. h4 Bd8 47. hxg5 hxg5 48. Kc4 Kd6 49. b5 Bb6 50. bxa6 Be3 51. e5+ (51. Nxg5 Ke5 52. Nf3+ Kxe4 53. g5 Kxf3 54. g6 Ke2 55. g7 f3 56. g8=Q f2 57. Qg2 Ba7 58. Kc3 Ke1 59. Qe4+ Kd1 60. a5 f1=Q 61. Qc2+ Ke1 62. Qd2#) (51. Kd3) (51. Nd4 Kc7 52. e5 f3 53. Nxf3 Bc1 54. e6 Ba3 55. Nxg5 Kb6 56. Ne4 Be7 57. g5 Kxa6 58. g6 Bf8 59. g7 Bxg7 60. e7 Ka7 61. e8=Q Kb6 62. a5+ Ka7 63. Qf7+ Ka8 64. Nc5) 1-0

[Event "north american 1900-2100"]
[Site "?"]
[Date "2012.12.27"]
[Round "2"]
[White "Hapidol, Abishek"]
[Black "Gregg, Alan"]
[Result "1/2-1/2"]
[WhiteElo "1955"]
[BlackElo "2027"]
[Annotator "Alan Gregg"]
[PlyCount "47"]
[EventDate "2012.12.27"]
[EventType "swiss"]
[EventRounds "7"]

1. e4 e5 2. d4 exd4 3. c3 d5 4. exd5 Qxd5 5. cxd4 Nc6 6. Nf3 Bg4 7. Be2 O-O-O 8. Nc3 {all book so far I was just playing obvious moves} Bb4 9. O-O {still in book over 100 games in database} Bxc3 {this is not concided best} (9... Qa5 10. Be3 Nf6 11. Qb3 Be6 12. Qc2) 10. bxc3 Nf6 11. c4 Qe4 12. Be3 Rhe8 (12... Nxd4 13. Nxd4 (13. Bxd4 Bxf3 14. Bxf3 Qxd4 15. Qb3 Qb6) 13... Bxe2) (12... Nxd4 13. Bxd4 Bxf3 14. Bxf3 Qxd4 15. Rb1 c6 16. Qb3 Qb6 $11) 13. Qa4 a6 14. Rab1 Bd7 15. c5 Nb8 16. Qa5 Bc6 17. Rfd1 Nd5 18. Bd3 Qg4 19. h3 Qh5 20. g4 {Diagram } (20. Be2 Nxe3 21. fxe3 Qh6) (20. Ne5 Nxe3 21. Nxc6) (20. Bg5 f6 21. g4 Qxh3) 20... Qxh3 21. Bf5+ Nd7 22. Ng5 Qh4 23. Nf3 Qh3 24. Ng5 1/2-1/2